| 000 | 00381nam a22001457a 4500 | ||
|---|---|---|---|
| 020 | _a9781285070131 | ||
| 082 |
_a345.66905 _bSCH |
||
| 100 | _aScheb, John M. | ||
| 245 |
_aCriminal Law & Procedure / _cJohn M. Scheb & John M. Scheb |
||
| 250 | _a8th Edition. | ||
| 260 |
_aAustralia: _bThomson Wadsworth, _c2008. |
||
| 300 | _a691 p. | ||
| 563 | _aPB. | ||
| 942 |
_2ddc _cBK |
||
| 999 |
_c613989 _d613989 |
||